Ñaque o de piojos y actores. ¡Ay, Carmela! / (Registro nro. 9197)

Detalles MARC
000 -CABECERA
Campo de control interno 01638nam a2200253Ia 4500
008 - ELEMENTOS DE LONGITUD FIJA - INFORMACIÓN GENERAL
Campo de control de longitud fija 260220t1991||||xx |||||||||||||| ||spa||
020 ## - ISBN
ISBN 8437610346
040 ## - FUENTE DE CATALOGACIÓN
Agencia de catalogación original PY-SlUNAC
Idioma de catalogación spa
Convenciones de descripción rda
041 ## - CÓDIGO DE IDIOMA
Código de idioma para texto/pista de sonido o título separado spa
082 ## - NÚMERO DE CLASIFICACIÓN DECIMAL DEWEY
Clasificación Decimal Dewey (CDD) 862
Clasificación Expansiva de Cutter (EC) San194ñ
100 ## - ASIENTO PRINCIPAL - NOMBRE PERSONAL
Nombre personal Sanchis Sinisterra, José
Rol del autor Autor
245 #0 - TÍTULO
Título Ñaque o de piojos y actores. ¡Ay, Carmela! /
Mención de responsabilidad por José Sanchis Sinisterra [Autor]
264 ## - PIE DE IMPRENTA
Lugar Madrid :
Editorial Cátedra,
Año ℗1991.
300 ## - DESCRIPCIÓN FÍSICA
Páginas 1 volumen
520 ## - NOTA DE RESUMEN
Nota de resumen "Ñaque o de piojos y actores" de José Sanchis Sinisterra es una obra teatral que explora las complejas relaciones entre los actores y su entorno, así como la lucha por la supervivencia en el mundo del espectáculo. La trama se centra en dos personajes, un actor y un ayudante, que enfrentan las adversidades de la vida en la representación teatral, simbolizando la precariedad y la pasión por el arte. A través de un enfoque metateatral, Sinisterra reflexiona sobre la identidad, el sacrificio y el poder del teatro como medio de resistencia cultural. La obra, cargada de un humor irónico y una crítica social aguda, pone de manifiesto tanto la grandeza como la miseria de ser parte del mundo escénico. Con un estilo que combina el realismo y el absurdo, "Ñaque" se convierte en una celebración de la creatividad y la tenacidad humanas, invitando al público a cuestionar su relación con el arte y la vida misma.
653 ## - MATERIA - TÉRMINO TEMÁTICO NO CONTROLADO (PALABRAS CLAVE)
Materia - término temático no controlado (palabras clave) Cultura
653 ## - MATERIA - TÉRMINO TEMÁTICO NO CONTROLADO (PALABRAS CLAVE)
Materia - término temático no controlado (palabras clave) Literatura
653 ## - MATERIA - TÉRMINO TEMÁTICO NO CONTROLADO (PALABRAS CLAVE)
Materia - término temático no controlado (palabras clave) Teatro
942 ## - ELEMENTOS PERSONALIZADOS (KOHA)
Fecha catalogación 2026/02/17
Tipo de documento Libros
Existencias
Fuente de Clasificacion Colección Ubicacion permanente Biblioteca actual Fecha de Ingreso a la Biblioteca Origen de adquisición Código de ubicación Código de barras Tipo de Item KOHA Nota pública
Dewey Decimal Classification Colección General (CG) Biblioteca e Internet, Facultad de Ciencias Exactas y Naturales Biblioteca e Internet, Facultad de Ciencias Exactas y Naturales 02/20/2026 Donación 862 San194ñ CG2557 Libros Material disponible en la Biblioteca e Intenet, Campus UNA, San Lorenzo.